000 00734nam a2200205Ia 4500
999 _c52490
_d52490
003 GCL
005 20240530105017.0
008 140319s9999 xx 000 0 ara d
040 _aGCL /
_cGCL
082 0 4 _a810.009
_bع ن
100 0 _aعبدالحكيم راضى
245 1 2 _aالنقد الاحيائى وتجديد الشعر فى ضوء التراث :
_bالاستمداد المباشر من التراث /
_cعبدالحكيم راضى
250 _aالاولى
260 _aالقاهرة :
_bدار الشايب ،
_c1993
300 _a221 ص ؛
_c24 سم
650 0 4 _aالشعر العربى
650 0 4 _aالادب العربى
650 0 4 _aالشعر العربى - تاريخ ونقد
942 _2ddc
_cBK